JOM-18 - International Conference on Joining Materials : Denmark, Helsingor April 26 - 29, 2015

Na minha lista:
Detalhes bibliográficos
Autor Corporativo: JOM-18 - International Conference on Joining Materials Denmark, Helsingor
Formato: Conference Proceeding Livro
Idioma:inglês
Publicado em: 2015
Edição:1. vyd.
Tags: Adicionar Tag
Sem tags, seja o primeiro a adicionar uma tag!

MARC

LEADER 00000nam a22000003a 4500
001 0005513
003 SK-STU
005 20150714110625.6
007 ta
008 150619s ----xo-----e------100-0-----d
022 |a 2246-0160 
040 |a STU  |b slo 
041 0 |a eng 
044 |a dk 
111 2 |a JOM-18 - International Conference on Joining Materials  |d 26.-29. April 2015 :  |c Denmark, Helsingor 
245 1 0 |a JOM-18 - International Conference on Joining Materials :  |h [elektronický zdroj] :] :  |b Denmark, Helsingor April 26 - 29, 2015 
250 |a 1. vyd. 
260 |c 2015 
300 |a 1 CD-ROM 
773 0 8 |w stu_us_cat*0005512  |t JOM-18  |x 2246-0160  |d Gilleleje, Denmark : JOM  |7 nnas 
996 |b 284M084483  |c M* CD-2540  |y 2015  |l MMKN  |s A  |a 24  |w 0005513_0001 
996 |b 284M084482  |c M* CD-2541  |y 2015  |l MMKN  |s A  |a 24  |w 0005513_0002